Flagi Europy z 1914 - Statystyki

Ogólne statystyki
  • Ten quiz został rozwiązany 103 razy
    96 od ostatniego zresetowania
  • Średni wynik to 22 z 25
Statystyki odpowiedzi
Obrazkowy Odpowiedź % Poprawnych
Francja
100%
Belgia
96%
Szwecja
96%
Włochy
96%
Cesarstwo Niemieckie
95%
Dania
95%
Hiszpania
95%
Holandia
95%
Norwegia
95%
Bułgaria
93%
Szwajcaria
93%
Wielka Brytania
93%
Rumunia
92%
Austro-Węgry
91%
Luksemburg
91%
Serbia
91%
Albania
89%
Monako
88%
Portugalia
88%
Rosja
87%
San Marino
87%
Grecja
79%
Czarnogóra
71%
Imperium Osmańskie
71%
Liechtenstein
68%
Nie znaleziono quizów pasujących do podanych kryteriów
Rozkład punktacji
Procent ludzi z każdym wynikiem
Percentyl według liczby udzielonych odpowiedzi
Twoja historia wyników
Nie rozwiązałeś tego quizu od ostatniego zresetowania